000 00919nam a22002537a 4500
005 20170123162320.0
010 _aA-485666
020 _c10.00
_a8172011318
035 _aA-485666
037 _bCen Lib/Ret
040 _aDPL
_bUR
082 _a841.08
_bو ر م
100 _aمحمّد انصاراللہ
_9545
245 _aداتا ڈیل مہارشی شو برت لال ورمان /
_cمحمّد انصاراللہ
246 _aData Dayal Maharshi Shiv Brat Lal Verman /
_bby Mohammad Ansarulla
260 _aنیی دہلی
_bساہتیہ اکادمی
_c1991
270 _bنیی دہلی
_aرویندرا بھون ٣٥، بھروں مرگ
_e110001
300 _a107p.
_c21cm(Hb)
650 _a ادب - اردو
_9116853
650 _a اردو شاعری
_9462
650 _aLiterature -- Urdu
_9116854
650 _aUrdu poetry
_9116855
942 _2ddc
_cUR
_h841.08
_mو ر م
999 _c107059
_d107059